Bayesian nonparametrics via neural networks /

Bibliographic Details
Main Author: Lee, Herbert K. H.
Format: Book
Language:English
Published: Philadelphia, Pa. : Alexandria, Va. : SIAM, Society for Industrial and Applied Mathematics ; ASA, American Statistical Association, [2004]
Series:ASA-SIAM series on statistics and applied probability.
Subjects:

MARC

Tag First Indicator Second Indicator Subfields
LEADER 00000cam a22000004a 4500
001 in00002122607
005 20151103061353.0
008 040419s2004 paua b 001 0 eng
010 |a  2004048151 
020 |a 0898715636 (pbk.) 
035 |a (OCoLC)ocm55016028 
040 |a DLC  |c DLC  |d BAKER  |d UtOrBLW 
042 |a pcc 
049 |a TXAM 
050 0 0 |a QA279.5  |b .L43 2004 
082 0 0 |a 519.5/42  |2 22 
100 1 |a Lee, Herbert K. H. 
245 1 0 |a Bayesian nonparametrics via neural networks /  |c Herbert K.H. Lee. 
264 1 |a Philadelphia, Pa. :  |b SIAM, Society for Industrial and Applied Mathematics ;  |a Alexandria, Va. :  |b ASA, American Statistical Association,  |c [2004] 
264 4 |c ©2004 
300 |a x, 96 pages :  |b illustrations ;  |c 26 cm. 
336 |a text  |b txt  |2 rdacontent 
337 |a unmediated  |b n  |2 rdamedia 
338 |a volume  |b nc  |2 rdacarrier 
490 1 |a ASA-SIAM series on statistics and applied probability 
504 |a Includes bibliographical references (pages 87-94) and index. 
650 0 |a Bayesian statistical decision theory. 
650 0 |a Nonparametric statistics. 
650 0 |a Neural networks (Computer science) 
830 0 |a ASA-SIAM series on statistics and applied probability. 
994 |a C0  |b TXA 
948 |a cataloged  |b h  |c 2006/6/5  |d c  |e blrosas  |f 11:47:20 am 
999 |a MARS 
999 f f |s e11b49cd-aece-387a-879c-9ac143656a3f  |i 1e4d69e1-809c-3c35-80a0-ed8c68d09c0f  |t 0 
952 f f |p normal  |a Texas A&M University  |b College Station  |c Sterling C. Evans Library  |d Evans: Library Stacks  |t 0  |e QA279.5 .L43 2004  |h Library of Congress classification  |i unmediated -- volume  |m A14834450682 
998 f f |a QA279.5 .L43 2004  |t 0  |l Evans: Library Stacks